[Event "Finland Team Ch 2012-2013"]
[Site "Turku FIN"]
[Date "2013.03.09"]
[Round "6"]
[White "Heikkinen, Jyrki"]
[Black "Heino, Juha"]
[Result "1/2-1/2"]
[Section "II Division"]
[Stage "Qualifier"]
[Board "3"]
[WhiteTeam "Lauttasaaren Shakkikerho"]
[BlackTeam "Turun Shakinystävät"]
[WhiteElo "2046"]
[BlackElo "2054"]

1.d4 Nf6 2.Nc3 g6 3.e4 d6 4.f4 Bg7 5.Nf3 O-O 6.Be2 c6 7.O-O Qc7 8.e5
Nd5 9.Nxd5 cxd5 10.c3 Nc6 11.Qe1 Bf5 12.Qh4 h6 13.g4 Be4 14.Qh3
(14.f5! dxe5 (14...g5? 15.Bxg5 Bxf3 16.Bxh6 {+-}) (14...Bxf3 15.Bxh6!
{+-}) 15.Bxh6 {+/=}) f5 15.g5 Bxf3 16.Bxf3 e6 17.gxh6 Bh8 18.Kh1 Kh7
19.Rg1 Rg8 20.b3 Nd8 21.Be2 Nf7 22.Rg3 Qa5 23.a4 Qb6 24.Rb1 a6 25.Ba3
dxe5 26.fxe5 Qd8 27.Rbg1 g5 28.Qh5 (28.Bh5! Qe8 29.Qf1) Qe8 29.Bc1
Nxh6 30.Qxe8 (30.Qh3! Rg6 (30...Qf8 31.Bxg5) 31.Bxg5 Bg7 32.Bh5 {+-})
Raxe8 31.Rh3 Bg7 32.Rxg5 Rh8 33.Rgh5 (33.Bh5 Re7 34.Ba3 Rc7 35.Bd6
Rcc8 36.Bf7 {+-}) Kg6 34.Rg5+ Kh7 35.Rhg3 Re7 36.Rh5 Ree8 37.Bg5 Reg8
38.Bf4 Bf8 39.Bxh6? (39.Bg5) Bxh6 40.Kg2 Rxg3+ 41.hxg3 Kg6 42.Rh1 Rd8
43.Rd1 1/2-1/2

[Event "Finland Team Ch 2012-2013"]
[Site "Turku FIN"]
[Date "2013.03.09"]
[Round "6"]
[White "Alkkiomäki, Jyrki"]
[Black "Sobenin, Evgeny"]
[Result "1-0"]
[Section "II Division"]
[Stage "Qualifier"]
[Board "4"]
[WhiteTeam "Turun Shakinystävät"]
[BlackTeam "Lauttasaaren Shakkikerho"]
[WhiteElo "1967"]
[BlackElo "1915"]

1.e4 d6 2.d4 g6 3.Nc3 Bg7 4.Be3 Nf6 5.Qd2 Ng4 6.Bg5 h6 7.Bh4 O-O 8.f3
Nf6 9.g4 Nh7 10.Nd5 Nc6 11.Bb5 g5 12.Bf2 e5 13.Bxc6 bxc6 14.Nb4 Bd7
15.d5 cxd5 16.Nxd5 Be6 17.Ne3 a5 18.Ne2 Re8 19.Ng3 Nf8 20.Ngf5 Bxf5
21.gxf5 Nd7 22.h4 f6 23.hxg5 hxg5 24.O-O-O Nb6 25.Ng4 d5 26.Bc5 Nc4
27.Qh2 Re7 28.Qh7+ Kf8 29.Nh6 Ke8 30.Qg8+ Kd7 31.Qxd5+ Nd6 32.Bxd6
cxd6 33.Qxd6+ Ke8 34.Qc6+ 1-0

[Event "Finland Team Ch 2012-2013"]
[Site "Turku FIN"]
[Date "2013.03.09"]
[Round "6"]
[White "Öhrnberg, Mikael"]
[Black "Siikonen, Timo"]
[Result "1/2-1/2"]
[Section "II Division"]
[Stage "Qualifier"]
[Board "6"]
[WhiteTeam "Turun Shakinystävät"]
[BlackTeam "Lauttasaaren Shakkikerho"]
[WhiteElo "1879"]
[BlackElo "1776"]

1.c4 f5 2.g3 e6 3.Bg2 d5 4.cxd5 exd5 5.d4 Nf6 6.Nc3 c6 7.Nh3 Be7 8.O-O
O-O 9.a3 Ne4 10.Qb3 Nxc3 11.bxc3 Nd7 12.Nf4 Nf6 13.Nd3 Kh8 14.Bf4 Ne4
15.f3 Nd6 16.Bxd6 Qxd6 17.a4 b6 18.Ne5 Bf6 19.f4 Be6 20.e3 Rac8 21.a5
b5 22.Nd3 1/2-1/2

[Event "Finland Team Ch 2012-2013"]
[Site "Turku FIN"]
[Date "2013.03.09"]
[Round "6"]
[White "Varjokallio, Matti"]
[Black "Mollgren, Tage"]
[Result "0-1"]
[Section "II Division"]
[Stage "Qualifier"]
[Board "7"]
[WhiteTeam "Lauttasaaren Shakkikerho"]
[BlackTeam "Turun Shakinystävät"]
[WhiteElo "1791"]
[BlackElo "1869"]

1.e4 c5 2.Nf3 d6 3.d4 cxd4 4.Nxd4 Nf6 5.Nc3 a6 6.Be3 g6 7.Qd2 Ng4
8.Bc4 Nxe3 9.fxe3 Bg7 10.O-O O-O 11.Rf2 e6 12.Rd1 b5 13.Bb3 Ra7 14.Nf3
Rd7 15.a3 Bb7 16.Nd4 Qe7 17.Rdf1 d5 (17...Rc7 $15) 18.exd5 exd5 19.e4
$6 Qc5 $1 20.Nce2 (20.e5 Bxe5 21.Nf3 $17) dxe4 21.c3 Bd5 22.Qg5 f5 $2
(22...Nc6 23.Nxc6 Qxc6 24.Bxd5 Rxd5 $19) 23.Ne6 $1 Qc6 $2 (23...Bxe6
24.Bxe6+ Kh8 25.Bxd7 Bf6 26.Qg3 Nxd7 $11) 24.Nxf8 Kxf8 25.Bxd5 Qxd5 $2
(25...Rxd5) 26.Qg3 (26.Rxf5+ gxf5 27.Rxf5+ Qxf5 28.Qxf5+ $18) Nc6
27.Nf4 Qd6 28.Ne2 Ne5 29.Nd4 Kg8 30.Re2 Qb6 31.Qe3 $6 (31.Kh1) Ng4
32.Qc1 Bh6 33.Qc2 Bg7 34.Kh1 Kh8 35.h3 Ne5 36.Qb3 (36.g4 $1) Nc4
37.Qb4 h5 38.a4 Nd6 39.axb5 axb5 40.Ra1 Kh7 41.Ne6 Nc4 42.Nxg7 Kxg7
43.b3 Ne5 44.c4 Qd4 45.Ra8 Rf7 46.Rea2 bxc4 47.bxc4 Qxc4 $2 48.Qb8
(48.Qb2 $1) Qf1+ 49.Kh2 Qf4+ 50.g3 Nf3+ 51.Kg2 Ne1+ 52.Kg1 Qxb8
53.Rxb8 Rd7 54.Raa8 h4 55.Rg8+ Kf6 56.Ra6+ Ke5 57.Rgxg6 $2 (57.Kf2)
(57.Ra5+) hxg3 58.Rxg3 Kf4 59.Rga3 Nf3+ 60.Kf1 Rd1+ 61.Ke2 Rd2+ 62.Kf1
e3 63.R3a4+ Kg3 64.Ra2 e2# 0-1

[Event "Finland Team Ch 2012-2013"]
[Site "Turku FIN"]
[Date "2013.03.09"]
[Round "6"]
[White "Laajo, Juha"]
[Black "Heimonen, Arto"]
[Result "1-0"]
[Section "II Division"]
[Stage "Qualifier"]
[Board "8"]
[WhiteTeam "Turun Shakinystävät"]
[BlackTeam "Lauttasaaren Shakkikerho"]
[WhiteElo "1857"]
[BlackElo "1667"]

1.e4 c5 2.c3 Nf6 3.e5 Nd5 4.d4 e6 5.Nf3 Nc6 6.c4 Nb6 7.d5 Ne7 8.Nc3
Ng6 9.d6 f6 10.Nb5 Rb8 11.Nxa7 (11.Ng5! fxg5 12.Qh5 Na8 13.Nc7+ Nxc7
14.Bxg5 {+-}) Nxe5 12.Nxe5 fxe5 13.Qh5+ g6 14.Qxe5 Rg8 15.Bg5 Nxc4
16.Qxc5? (16.Bxc4 {+-}) Bxd6 17.Qxc4 Qa5+ 18.Bd2 Qxa7 19.Bd3 b5 20.Qh4
Bc5 (20...Rg7) 21.O-O (21.Qxh7 {+-}) Rg7 22.a3 Qb6 23.Rae1 Bb7 24.Be3
Ra8 25.Bxc5 Qxc5 26.Be4 Ra4 (26...Qd4 {=}) 27.b4 Qc4 28.Qh6 Bxe4 29.Qxg7
Bd3 30.Rc1 Bxf1 31.Rxc4 Bxc4 32.Qg8+ Ke7 33.Qxh7+ Kd6 34.Qxg6 Rxa3
35.h4 Rb3 36.Qg7 Kc6 37.h5 Rxb4 38.h6 Bd5 39.h7 Rh4 40.h8=Q Rxh8
41.Qxh8 b4 42.g4 b3 43.g5 d6 44.Qd4 e5 45.Qb4 Be6 46.f4 exf4 47.Qxf4
Kb5 48.Qxd6 Bc4 49.Qd2 Ka4 50.Qb2 Bf7 51.Qd4+ Ka3 52.Qa7+ Kb2 53.Qxf7
1-0